| 000 | 00614cam a2200217 a 4500 | ||
|---|---|---|---|
| 001 | 000018753 | ||
| 003 | UkOxU | ||
| 005 | 20200929165843.0 | ||
| 008 | 990908s1969 it 000 f ita d | ||
| 040 |
_aDO-SdBNP _bita _cLC _dBNPHU |
||
| 082 |
_a853.91 _bC345r |
||
| 100 | 1 |
_aCassola, Carlo, _d1917-1987 _940468 |
|
| 245 | 1 | 3 |
_aLa ragazza di Bube / _cCarlo Cassola. |
| 250 | _a17a ed. | ||
| 260 |
_aTorino, (Italia) : _bEinaudi Editores, _c1969. |
||
| 300 |
_a266 p. ; _c23 cm. |
||
| 650 | 4 |
_aNovela italiana _94322 |
|
| 650 | 4 |
_aLiteratura italiana _93329 |
|
| 910 | _aCatalogación derivada / LC | ||
| 049 | _aBNGR | ||
| 999 |
_c18273 _d18273 |
||